000 00779aam a2200277 4500
005 20231010121507.0
008 150416b1992 xxu||||| |||| 00| 0 spa d
041 _aESP
082 _a306.872 F315r
100 _aFeliu, María Helena
_933789
100 _aGüel, María Antonia
_933790
245 _aRelación de pareja: técnicas para la convivencia
260 _aEstados Unidos
_bMartínez Roca
_c1992
300 _a136 páginas
650 _aRELACIONES DE PAREJA
650 _aAMOR
650 _aRECIPROCIDAD
650 _aCOMPORTAMIENTO
650 _aCOMUNICACIÓN
650 _aSENTIMIENTOS
650 _aASERTIVIDAD
650 _aEMPATÍA
650 _aSEPARACIÓN
650 _aPREVENCIÓN
942 _cBK
_2ddc
999 _c4666
_d4666